Normal view
MARC view
Entry Personal Name
001 - CONTROL NUMBER
- control field: 20894
003 - CONTROL NUMBER IDENTIFIER
- control field: OSt
005 - DATE AND TIME OF LATEST TRANSACTION
- control field: 20210127143621.0
008 - FIXED-LENGTH DATA ELEMENTS
- fixed length control field: 210127|| aca||aabn | a|a d
040 ## - CATALOGING SOURCE
- Original cataloging agency: OSt
- Transcribing agency: OSt
100 ## - HEADING--PERSONAL NAME
- Personal name: Bansal, Sharad.
670 ## - SOURCE DATA FOUND
- Source citation: Work cat.: (OSt)514472: Bansal, Sharad. , Taj Mahal hotel vs united India insurance co. ltd: Re-alleging the focus on consumer protection
